000 00402nam a22001577a 4500
003 OSt
005 20231212071833.0
008 221210b xxu||||| |||| 00| 0 eng d
020 _a0-19-807702-5
040 _cIIMT UNIVERSITY, MEERUT
100 _aJOSHI, R.M
245 _aINTERNATIONAL MARKETING
260 _aNEW DELHI
_bOXFORD UNIVERSITY PRESS
_c2019
300 _a751
942 _2ddc
_c01
_e2 EDITION
999 _c56161
_d56161